000 01315nam a22003377a 4500
003 CO-BoRNBP
005 20230428142344.0
007 ta
008 150722b xxu||||| |||| 00| 0 eng d
020 _a9589393268
040 _aCO-BoRNBP
_bspa
_erda
_cCO-BoRNBP
082 0 4 _aR 918.6
_bA41a
245 1 0 _aAlta Colombia
_bsplendor of the mountain
_cdirector, designer and editor Benjamín Villegas ; photography Cristobal Von Rothkirch ; introductory text Juan Pablo Ruiz ; text of chapters Carlos Mauricio Vega ; english translation Jimmy Weiskopf
250 _a1a. edición
264 _aBogotá
_bVillegas Editores
_c1996
300 _a205 páginas
_bfotografías, mapas
_c31 cm.
336 _atexto
_btxt
_2rdacontent
337 _asin mediación
_bn
_2rdamedia
338 _avolumen
_bnc
_2rdacarrier
500 _aDonación Villegas Editores
500 _aIncluye contenido
650 1 4 _2LEMB
_aMontañas
_zColombia
_91567
650 1 4 _2LEMB
_aParamos
_vFotografías
_zColombia
_91568
650 1 4 _2LEMB
_aLagunas
_vFotografías
_zColombia
_91569
700 1 0 _aVillegas Jiménez, Benjamín
_eeditor
_91570
700 1 0 _aVon Rothkirch, Cristobal
_efotógrafo
_91562
700 1 0 _aRuiz, Juan Pablo
_91571
700 1 0 _aVega, Carlos Mauricio
_91572
700 1 0 _aWeiskopf, Jimmy
_etraductor
_91573
942 _2ddc
_cREF
999 _c9447
_d9447